Lessing y el Laoconte / (Record no. 187927)

MARC details
000 -LEADER
campo de control de longitud fija 01253nam a2200277 i 4500
001 - NÚMERO DE CONTROL
campo de control 187927
003 - IDENTIFICADOR DE NÚMERO DE CONTROL
campo de control ES-MaACL
005 - FECHA Y HORA DE LA ÚLTIMA TRANSACCIÓN
campo de control 20260304140303.0
008 - DATOS DE LONGITUD FIJA--INFORMACIÓN GENERAL
campo de control de longitud fija 180326s1929 sp |||| | spa d
080 ## - NÚMERO DE LA CLASIFICACIÓN DECIMAL UNIVERSAL
Número de la Clasificación Decimal Universal 1 Lessing, Gotthold Ephraim
100 0# - ENTRADA PRINCIPAL--NOMBRE DE PERSONA
Nombre de persona Andrenio,
Fechas asociadas al nombre 1866-1929
Término indicativo de función/relación Autor
9 (RLIN) 57888
245 10 - MENCIÓN DEL TÍTULO
Título Lessing y el Laoconte /
Mención de responsabilidad, etc. conferencia dada el 17 de abril de 1929 por Eduardo Gómez de Baquero
260 ## - PUBLICACIÓN, DISTRIBUCIÓN, ETC.
Lugar de publicación, distribución, etc. Madrid :
Nombre del editor, distribuidor, etc. [s.n.],
Fecha de publicación, distribución, etc. 1929
Fabricante (Blass tip.)
300 ## - DESCRIPCIÓN FÍSICA
Extensión 11 páginas ;
Dimensiones 23 cm.
490 1# - MENCIÓN DE SERIE
Mención de serie Conferencias dadas en el Centro de intercambio intelectual germano-español ;
Designación de volumen o secuencia 24
530 ## - NOTA DISPONIBLE DE FORMULARIO FÍSICO ADICIONAL
Nota de formato físico adicional disponible Disponible en formato digital
600 14 - PUNTO DE ACCESO ADICIONAL DE MATERIA--NOMBRE DE PERSONA
Nombre de persona Lessing, Gotthold Ephraim,
Fechas asociadas al nombre 1729-1781.
Título de la obra Laokoon
9 (RLIN) 241420
655 #0 - TERMINO DE INDIZACIÓN--GENERO/FORMA
Datos o término principal de género/forma Conferencias
9 (RLIN) 234444
710 2# - ENTRADA AGREGADA--NOMBRE DE ENTIDAD CORPORATIVA
Nombre de entidad corporativa o nombre de jurisdicción como elemento de entrada Centro de Intercambio Intelectual Germano-Español
Término indicativo de función/relación entidad responsable
9 (RLIN) 170812
830 00 - PUNTO DE ACCESO ADICIONAL DE SERIE-TÍTULO UNIFORME
Título uniforme Conferencias dadas en el Centro de Intercambio Intelectual Germano-Español
Designación de volumen o secuencia 24
9 (RLIN) 192904
852 ## - LOCALIZACIÓN
Ubicación ES-MaACL
Número de control de estantería C-8111(20)
Donativo/Legado Donante: Centro de Intercambio Intelectual Germano-Español (Madrid)
Ubicación en estantería Sala Palomar
856 4# - LOCALIZACIÓN Y ACCESO ELECTRÓNICOS
Identificador Uniforme de Recursos <a href="http://bdh-rd.bne.es/viewer.vm?id=0000152832&page=1 ">http://bdh-rd.bne.es/viewer.vm?id=0000152832&page=1 </a>
Texto de enlace Versión en línea
Nota pública (Biblioteca Digital Hispánica)
942 ## - ELEMENTOS DE ENTRADA SECUNDARIOS (KOHA)
Fuente del sistema de clasificación o colocación Clasificación decimal universal
Tipo de ítem Koha Libro impreso
Suprimir en OPAC No
Holdings
Estatus retirado Estado de pérdida Fuente del sistema de clasificación o colocación Estado de daño No para préstamo Colección Biblioteca de origen Biblioteca actual Ubicación en estantería Fecha de adquisición Fuente de adquisición Total de préstamos Signatura topográfica completa Código de barras Visto por última vez Tipo de ítem Koha
    Clasificación decimal universal     Colección digital Biblioteca del Ateneo de Madrid Biblioteca del Ateneo de Madrid Sala Palomar 26/03/2018 Donación   C-8111(20) 1198579 23/02/2023 Libro impreso